<?xml version="1.0" encoding="UTF-8"?>
<record
    xmlns:xsi="http://www.w3.org/2001/XMLSchema-instance"
    xsi:schemaLocation="http://www.loc.gov/MARC21/slim http://www.loc.gov/standards/marcxml/schema/MARC21slim.xsd"
    xmlns="http://www.loc.gov/MARC21/slim">

  <leader>00382nam a22001577a 4500</leader>
  <controlfield tag="003">OSt</controlfield>
  <controlfield tag="005">20240613150607.0</controlfield>
  <controlfield tag="008">240613b        |||||||| |||| 00| 0 eng d</controlfield>
  <datafield tag="020" ind1=" " ind2=" ">
    <subfield code="a">9789355325891</subfield>
  </datafield>
  <datafield tag="040" ind1=" " ind2=" ">
    <subfield code="c">IIMT UNIVERSITY</subfield>
  </datafield>
  <datafield tag="100" ind1=" " ind2=" ">
    <subfield code="a"> E Balagurusamy</subfield>
  </datafield>
  <datafield tag="245" ind1=" " ind2=" ">
    <subfield code="a">Programming with JAVA 7th Edition</subfield>
  </datafield>
  <datafield tag="260" ind1=" " ind2=" ">
    <subfield code="a">Delhi</subfield>
    <subfield code="b">McGraw Hill</subfield>
    <subfield code="c">2024</subfield>
  </datafield>
  <datafield tag="300" ind1=" " ind2=" ">
    <subfield code="a">577</subfield>
  </datafield>
  <datafield tag="942" ind1=" " ind2=" ">
    <subfield code="2">ddc</subfield>
    <subfield code="c">02</subfield>
  </datafield>
  <datafield tag="999" ind1=" " ind2=" ">
    <subfield code="c">58820</subfield>
    <subfield code="d">58820</subfield>
  </datafield>
  <datafield tag="952" ind1=" " ind2=" ">
    <subfield code="0">0</subfield>
    <subfield code="1">0</subfield>
    <subfield code="2">ddc</subfield>
    <subfield code="4">0</subfield>
    <subfield code="7">0</subfield>
    <subfield code="a">01</subfield>
    <subfield code="b">01</subfield>
    <subfield code="d">2024-06-13</subfield>
    <subfield code="e">arista publisher</subfield>
    <subfield code="f">Cs</subfield>
    <subfield code="g">750.00</subfield>
    <subfield code="i">HO/IN/30 ,,12-06-2024</subfield>
    <subfield code="l">0</subfield>
    <subfield code="p">01-B-141738</subfield>
    <subfield code="r">2024-06-13</subfield>
    <subfield code="w">2024-06-13</subfield>
    <subfield code="y">02</subfield>
  </datafield>
  <datafield tag="952" ind1=" " ind2=" ">
    <subfield code="0">0</subfield>
    <subfield code="1">0</subfield>
    <subfield code="2">ddc</subfield>
    <subfield code="4">0</subfield>
    <subfield code="7">0</subfield>
    <subfield code="a">01</subfield>
    <subfield code="b">01</subfield>
    <subfield code="d">2024-06-13</subfield>
    <subfield code="e">arista publisher</subfield>
    <subfield code="f">Cs</subfield>
    <subfield code="g">750.00</subfield>
    <subfield code="i">HO/IN/30 ,,12-06-2024</subfield>
    <subfield code="l">0</subfield>
    <subfield code="p">01-B-141739</subfield>
    <subfield code="r">2024-06-13</subfield>
    <subfield code="w">2024-06-13</subfield>
    <subfield code="y">02</subfield>
  </datafield>
  <datafield tag="952" ind1=" " ind2=" ">
    <subfield code="0">0</subfield>
    <subfield code="1">0</subfield>
    <subfield code="2">ddc</subfield>
    <subfield code="4">0</subfield>
    <subfield code="7">0</subfield>
    <subfield code="a">01</subfield>
    <subfield code="b">01</subfield>
    <subfield code="d">2024-06-13</subfield>
    <subfield code="e">arista publisher</subfield>
    <subfield code="f">Cs</subfield>
    <subfield code="g">750.00</subfield>
    <subfield code="i">HO/IN/30 ,,12-06-2024</subfield>
    <subfield code="l">3</subfield>
    <subfield code="p">01-B-141740</subfield>
    <subfield code="q">2026-07-31</subfield>
    <subfield code="r">2026-02-26</subfield>
    <subfield code="s">2026-02-26</subfield>
    <subfield code="w">2024-06-13</subfield>
    <subfield code="y">02</subfield>
  </datafield>
  <datafield tag="952" ind1=" " ind2=" ">
    <subfield code="0">0</subfield>
    <subfield code="1">0</subfield>
    <subfield code="2">ddc</subfield>
    <subfield code="4">0</subfield>
    <subfield code="7">0</subfield>
    <subfield code="a">01</subfield>
    <subfield code="b">01</subfield>
    <subfield code="d">2024-06-13</subfield>
    <subfield code="e">arista publisher</subfield>
    <subfield code="f">Cs</subfield>
    <subfield code="g">750.00</subfield>
    <subfield code="i">HO/IN/30 ,,12-06-2024</subfield>
    <subfield code="l">0</subfield>
    <subfield code="p">01-B-141741</subfield>
    <subfield code="r">2024-06-13</subfield>
    <subfield code="w">2024-06-13</subfield>
    <subfield code="y">02</subfield>
  </datafield>
  <datafield tag="952" ind1=" " ind2=" ">
    <subfield code="0">0</subfield>
    <subfield code="1">0</subfield>
    <subfield code="2">ddc</subfield>
    <subfield code="4">0</subfield>
    <subfield code="7">0</subfield>
    <subfield code="a">01</subfield>
    <subfield code="b">01</subfield>
    <subfield code="d">2024-06-13</subfield>
    <subfield code="e">arista publisher</subfield>
    <subfield code="f">Cs</subfield>
    <subfield code="g">750.00</subfield>
    <subfield code="i">HO/IN/30 ,,12-06-2024</subfield>
    <subfield code="l">0</subfield>
    <subfield code="p">01-B-141742</subfield>
    <subfield code="r">2024-06-13</subfield>
    <subfield code="w">2024-06-13</subfield>
    <subfield code="y">02</subfield>
  </datafield>
</record>
